000 00251nam a2200097Ia 4500
001 800638
005 20250826171023.0
008 250824s9999 xx 000 0 und d
245 0 _aSELÇUKLU TARİHİ-3
_cZEHRA AYGÜL
260 _bUĞUR BÖCEĞİ YAYINLARI
999 _c800638
_d800638